Statistics for Tokyo Subway Lines Logo Quiz

Click here to take the quiz!

General Stats

  • This quiz has been taken 394 times
  • The average score is 10 of 13

Answer Stats

Answer% Correct
Hibiya Line
92%
Ginza Line
86%
Chiyoda Line
85%
Marunouchi Line
76%
Namboku Line
76%
Fukutoshin Line
74%
Tozai Line
74%
Asakusa Line
73%
Yurakucho Line
71%
Hanzomon Line
70%
Shinjuku Line
69%
Oedo Line
62%
Mita Line
55%

Score Distribution

Percentile by Number Answered

Percent of People with Each Score

Your Score History

You have not taken this quiz